000 00815nam a22002174a 4500
005 2009071603253.0
008 081114s2009 ii a 000 0 eng
010 _aENG-94443
020 _a9789380015125
_c110.00
035 _aEN-77976
037 _bDBAD / PUB
040 _adpl
_bEnglish
082 _a633.72
100 _aBala Krishnan, R.
245 _aTea crop cultivation /
_cby R. Bala Krishnan
260 _aTamilNadu
_bAnnamalaiyar Educational Publication
_c2008
270 _a8/305, Thulasinga Nagar, Valparai Post
_bTamilnadu
_e642127
300 _a96p.
_c25cm(pbk)
942 _2ddc
_cEN
_mBAL
_h633.72
999 _c28334
_d28334